ARRUPE JESUIT UNIVERSITY

CORONAVIRUS -STOP THE SPREAD - CLEAN,DISINFECT,COVER

The Cross versus The Crescent (Record no. 6384)

MARC details
000 -LEADER
fixed length control field 00513nam a2200193Ia 4500
003 - CONTROL NUMBER IDENTIFIER
control field 0100
008 - FIXED-LENGTH DATA ELEMENTS--GENERAL INFORMATION
fixed length control field 130227s9999 xx 000 0 und d
040 ## - CATALOGING SOURCE
Transcribing agency ARRUPELIB
050 ## - LIBRARY OF CONGRESS CALL NUMBER
Classification number DT445.3.M478 2005
100 ## - MAIN ENTRY--PERSONAL NAME
Personal name Mbogoni, Lawrence E.Y.
9 (RLIN) 30026
245 #4 - TITLE STATEMENT
Title The Cross versus The Crescent
245 ## - TITLE STATEMENT
Remainder of title Religion and politics in Tanzania from the 1880s to the 1990s
260 ## - PUBLICATION, DISTRIBUTION, ETC. (IMPRINT)
Name of publisher, distributor, etc Mkuki na Nyota Publishers
Place of publication, distribution, etc Dar es Salaam
Date of publication, distribution, etc 2005
300 ## - PHYSICAL DESCRIPTION
Extent xi
300 ## - PHYSICAL DESCRIPTION
Other physical details 230p. :23cm.
650 ## - SUBJECT ADDED ENTRY--TOPICAL TERM
Topical term or geographic name as entry element Church and state
General subdivision History
Geographic subdivision Tanzania
9 (RLIN) 30027
650 ## - SUBJECT ADDED ENTRY--TOPICAL TERM
Topical term or geographic name as entry element Islam
General subdivision Relations
-- Christianity
Geographic subdivision Tanzania
9 (RLIN) 30028
942 ## - ADDED ENTRY ELEMENTS (KOHA)
Source of classification or shelving scheme Library of Congress Classification
Koha issues (borrowed), all copies 1
Item type Monograph ( Printed materials)
Holdings
Withdrawn status Lost status Source of classification or shelving scheme Damaged status Not for loan Collection code Home library Current library Shelving location Date acquired Total Checkouts Full call number Barcode Date last seen Date last borrowed Copy number Price effective from Koha item type
    Library of Congress Classification     Main Collection ARRUPE LIBRARY ARRUPE LIBRARY   27/02/2013 3 DT445.3.M478 2005 46408948 11/05/2023 13/02/2023 1 27/02/2013 Monograph ( Printed materials)

 

Arrupe Library. PO Box MP320 Mt Pleasant, Harare, Zimbabwe
263 242 745411|librarian@aju.ac.zw